| 000 | 01624nam0a2200421 4500 | ||
|---|---|---|---|
| 001 | RU\NLR\bibl\205479 | ||
| 005 | 20260407085216.0 | ||
| 010 |
_a5-02-018191-9 _9300 |
||
| 021 |
_aRU _b2001-31215 _91490 |
||
| 035 | _a(NLR Aleph) 000201736 | ||
| 090 |
_a1169267 _c1169267 |
||
| 100 | _a20011114d2001 |||y0rusy50 ca | ||
| 101 | 0 |
_arus _deng |
|
| 102 | _aRU | ||
| 105 | _ay ||||||||| | ||
| 200 | 1 |
_aРоссийская диаспора в Африке. 20-50-е гг. _eСб. ст. _fРос. акад. наук, Ин-т Африки _g[Отв. ред. А. Б. Летнев] |
|
| 210 |
_aМ. _cВост. лит. _d2001 |
||
| 215 |
_a148, [2] с. _d22 |
||
| 300 | _aРез. на англ. яз. | ||
| 320 | _aБиблиогр.: с. 123-139 | ||
| 320 | _aУказ. имен, геогр. назв.: с. 140-147 | ||
| 606 | 0 |
_aЭмигранты русские _jСборники _yАфриканские страны _92225842 _3RU\NLR\auth\661336227 |
|
| 610 | 0 | _aДиаспора (этнополит.) | |
| 610 | 0 | _aЭмигранты русские в Африке | |
| 610 | 0 | _aАфрика, миграция населения | |
| 675 |
_a94(6)(=161.1)(082) _v3 _zrus |
||
| 686 |
_a03.19 _2rugasnti |
||
| 686 |
_a63.3(2)6-4 _2rubbk |
||
| 686 | _aТ3(69=Р)я43 | ||
| 686 | _aТ3(2)71-274я43 | ||
| 702 | 1 |
_aЛетнев _gАртем Борисович _4340 |
|
| 712 | 0 | 2 |
_4570 _aИнститут Африки _cМосква _3RU\NLR\AUTH\8813199 _9299427 |
| 801 | 0 |
_aRU _bRKP _c20011114 _gPSBO |
|
| 801 | 1 |
_aRU _bRKP _c20011114 |
|
| 801 | 2 |
_aRU _bNLR _c20030411 _grcr |
|
| 942 | _cBOOK | ||
| 980 | _aNB | ||